00626 2200241 4500001002100000005001500021035002000036007000300056008004100059020002200100082000800122084001400130100002700144245002800171250001400199260003400213300002600247500006300273650002100336990000900357990000900366990000900375INLIS00000000000760820211203043623 a0010-1221000106ta211203 g 0 ind  a978-602-031-810-3 a813 a813 RUT c0 aRuth Pricilia Angelina1 aCOPPELIA /cNovellina A acet, 2015 aJakarta :bPT Gramedia,c2015 a192 hlm ;c13 x 20 cm aSedingin kisah boneka COPPELIA uang begitu dicintai ibunya 4aFiksi Indonesia a4620 a4619 a4618